| 000 | 00839cam a2200205 4500 | ||
|---|---|---|---|
| 001 | WB3716-08 | ||
| 008 | 000000n2001 000 0 eng u | ||
| 035 | _a(Sirsi) u112149 | ||
| 245 | _aNew hope to harmed land | ||
| 260 | _c2001 | ||
| 490 |
_aPlanning (for the Natural and Built Environment) _v(1415) 20 April 2001, 7(1) |
||
| 520 | _aThe DTI has joined forces with industry and research councils to launch a research programme into the clean-up of contaminated land using micro-organisms. Bioremediation is a more cost-effective clean-up method than burying contaminated soil, and could play a key role in reclaiming brownfield sites. | ||
| 590 | _aWB | ||
| 650 | _aBIOREMEDIATION | ||
| 650 | _aREMEDIATION | ||
| 650 | _aCONTAMINATED LAND | ||
| 650 | _aBROWNFIELD SITES | ||
| 690 | _aENVIRONMENT-CONTAMINATION | ||
| 942 | _n0 | ||
| 999 |
_c66792 _d66792 |
||